Statistiken für Nummer-1-Hits Deutschland 2005

Klicken Sie hier um das Quiz zu spielen!

Allgemein

  • Dieses Quiz wurde 17 mal gespielt
  • Das Durchschnittsergebnis liegt bei 3 aus 15

Antwortstatistiken

WochenTitel% Korrekt
10Schnappi - Schnappi, das kleine Krokodil
47%
5Tokio Hotel - Durch den Monsun
47%
9Madonna - Hung Up
35%
4US5 - Maria
35%
2Nena - Liebe Ist
29%
350 Cent Feat. Olivia - Candy Shop
18%
8Akon - Lonely
18%
2PussyCat Dolls Feat. Busta Rhymes - Don't Cha
18%
3Sarah Connor - From Zero to Hero
18%
2Melanie C. - First Day Of My Life
12%
2Robbie Williams - Tripping
12%
2Ch!pz - Cowboy
6%
1Juanes - La camisa negra
6%
1Mario - Let Me Love You
6%
1Nu Pagadi - Sweetest Poison
0%

Verteilung der Resultate

Perzentil nach korrekt beantworteten Fragen

Anzahl Personen mit jedem Resultat

Ihre Resultats-Entwicklung

Sie haben dieses Quiz noch nicht gespielt